Estatísticas para Cultura Geral

Clique aqui para jogar o quiz

Estatísticas Gerais

  • Esse quiz foi jogado 12 vezes
  • A pontuação média é 5 de 15

Estatísticas das Respostas

HintResposta% Correto
Qual é o símbolo do paládio?Pd
82%
Em que país podemos encontrar o Palácio de São Bento?Portugal
82%
Que nome damos ao profissional responsável pelo projeto, supervisão e execução de obras de arquitetura?Arquiteto
73%
Que nome damos ao utensílio culinário usado para preparar e servir o chá?Bule
73%
Que nome damos ao compartimento pequeno e plano que é usado para transportar itens pessoais, como dinheiro?Carteira
45%
Que nome damos ao objeto usado para deitar-se e/ou dormir, geralmente colocado sobre um estrado?Colchão
45%
Que nome damos á instituição que tem o poder de julgar disputas legais?Tribunal
45%
Em que país podemos encontrar Småland?Suécia
36%
Que nome damos ao objeto que pode ser comprado como lembrança de um evento do passado?Souvenir
27%
Que nome damos ao setor da economia que engloba os processos de construção, montagem e fabricação de edifícios ou infraestrutura?Construção
18%
Em que país podemos encontrar a cidade de Pagadian?Filipinas
9%
Que nome damos á peça na qual se encaixamos as janelas de duas abas?Caixilho
0%
Que nome damos á reação emocional agradável de felicidade em resposta ao cumprimento de um desejo ou objetivo?Gratificação
0%
Que nome damos ao revestimento de superfícies em edificações com argamassa (em geral de cimento)?Reboco
0%
Que nome damos a um aparelho de comunicação por ondas eletromagnéticas que permite a transmissão bidirecional de voz e dados?Telemóvel
0%

Distribuição das Pontuações

Percentil de Números Respondidos

Porcentagem de Pessoas com Cada Pontuação

Sua Pontuação Histórica

Você não jogou esse quiz